Epistolario completo de Don Francisco de Quevedo / (Record no. 123366)

MARC details
000 -LEADER
campo de control de longitud fija 00688nam a2200181 4500
001 - NÚMERO DE CONTROL
campo de control 123366
003 - IDENTIFICADOR DE NÚMERO DE CONTROL
campo de control ES-MaACL
005 - FECHA Y HORA DE LA ÚLTIMA TRANSACCIÓN
campo de control 20240523063035.0
007 - CAMPO FIJO DE DESCRIPCIÓN FÍSICA--INFORMACIÓN GENERAL
campo de control de longitud fija t|
008 - DATOS DE LONGITUD FIJA--INFORMACIÓN GENERAL
campo de control de longitud fija 070214s1946 sp r ||||1| spa d
100 1# - ENTRADA PRINCIPAL--NOMBRE DE PERSONA
Nombre de persona Quevedo, Francisco de,
Fechas asociadas al nombre 1580-1645
9 (RLIN) 94591
245 10 - MENCIÓN DEL TÍTULO
Título Epistolario completo de Don Francisco de Quevedo /
Mención de responsabilidad, etc. edición crítica ( con extensas anotaciones, apéndices, documentos inéditos y una acabada bibliografía) de Luis Astrana Marín.
260 ## - PUBLICACIÓN, DISTRIBUCIÓN, ETC.
Lugar de publicación, distribución, etc. Madrid :
Nombre del editor, distribuidor, etc. Reus,
Fecha de publicación, distribución, etc. 1946.
300 ## - DESCRIPCIÓN FÍSICA
Extensión XLIX, 834 p., 2 lám. :
Otras características físicas `retr. aut.` ;
Dimensiones 20 cm +
Material acompañante/anejo 8 facs.
700 1# - ENTRADA AGREGADA--NOMBRE PERSONAL
Nombre de persona Astrana Marín, Luis.
9 (RLIN) 23693
852 ## - LOCALIZACIÓN
Ubicación ES-MaACL
Número de control de estantería C-4175
Holdings
Estatus retirado Estado de pérdida Estado de daño No para préstamo Biblioteca de origen Biblioteca actual Ubicación en estantería Fecha de adquisición Fuente de adquisición Total de préstamos Signatura topográfica completa Código de barras Visto por última vez Precio de reemplazo Tipo de ítem Koha
        Biblioteca del Ateneo de Madrid Biblioteca del Ateneo de Madrid Sala Palomar 17/01/2008     C-4175 1128539 23/02/2023 23/02/2023 Libro impreso